000 01092nam1a22002411 4500
001 rc\1074278
005 20041129104516.9
035 _a(NLR Aleph) 006250686
090 _a6748722
_c6748722
100 _a20041129d1980 u |0rusy50 ca
101 0 _arus
102 _aRU
105 _ay |||||||||
200 1 _aБолезни органов пищеварения
_eМетод. разраб. по част. патологии для студентов
_fКуйбышев. мед. ин-т им. Д.И. Ульянова. Каф. внутр. болезней стоматол. и педиатр. фак.
_g[Сост. К.И. Мишина]
210 _aКуйбышев
_cБ. и.
_d1980
215 _d20
702 1 _aМишина
_bК. И.
_4220
712 0 2 _aКуйбышевский мед. ин-т им. Д. И. Ульянова
_bКафедра внутренних болезней стоматологического и педиатрического факультетов
801 0 _aRU
_bNLR
_gpsbo
801 1 _aRU
_bELAR
_2rusmarc
852 _aNLR
_j81-4/8010
942 _cBOOK
980 _aNB